00471nam a2200157 i 4500001000300000100001600003245004700019260001900066040000800085041000800093942000700101008004100108999001500149856009700164952005200261bg1 aNOLASCO, R. 0aWriting: upper-intermediate /cR. Nalasco. aOxford,c1990. cBPK apol cKS s pl f |000 0 pol  c4511d4511 uhttp://koha.tu.koszalin.pl/cgi-bin/koha/opac-detail.pl?biblionumber=4511yKatalog online BPK 00104071aBPKbBPKcmhoP 41366p01422627yKS